000 00486nam a2200181Ia 4500
005 20250508150855.0
008 008 250505s9999 xx 000 0 eng d
037 _aTextual
040 _aFEDL
_beng
_cFEDL
041 _aeng
_2eng
084 _a501, BRO
_qFEDL
100 _aBronowski J
245 0 _aCommon sense of science
260 _aMelbourne, Austraila
_bWilliam Heinemann Ltd
_c1951
300 _a154p
942 _cTEXL
_h501, BRO
999 _c1326248
_d1326248